Smart things to know about : (Record no. 356970)
[ view plain ]
| 000 -LEADER | |
|---|---|
| fixed length control field | 00526nam a2200205Ia 4500 |
| 008 - FIXED-LENGTH DATA ELEMENTS--GENERAL INFORMATION | |
| fixed length control field | 180523s9999 xx 000 0 und d |
| 020 ## - INTERNATIONAL STANDARD BOOK NUMBER | |
| International Standard Book Number | 9814-12-627-6 |
| 050 ## - LIBRARY OF CONGRESS CALL NUMBER | |
| Classification number | MAIN HD 69.P75 |
| 050 ## - LIBRARY OF CONGRESS CALL NUMBER | |
| Item number | .D44 2001 c.2 |
| 100 ## - MAIN ENTRY--PERSONAL NAME | |
| Personal name | Deeprose, Donna. |
| 245 #0 - TITLE STATEMENT | |
| Title | Smart things to know about : |
| 245 #0 - TITLE STATEMENT | |
| Remainder of title | managing projects / |
| 245 #0 - TITLE STATEMENT | |
| Statement of responsibility, etc | Donna Deeprose. |
| 260 ## - PUBLICATION, DISTRIBUTION, ETC. (IMPRINT) | |
| Place of publication, distribution, etc | United Kingdom : |
| 260 ## - PUBLICATION, DISTRIBUTION, ETC. (IMPRINT) | |
| Name of publisher, distributor, etc | Capstone Publishing, |
| 260 ## - PUBLICATION, DISTRIBUTION, ETC. (IMPRINT) | |
| Date of publication, distribution, etc | 2001 |
| 300 ## - PHYSICAL DESCRIPTION | |
| Extent | 242 pages : |
| 300 ## - PHYSICAL DESCRIPTION | |
| Dimensions | 21 cm. |
| 650 ## - SUBJECT ADDED ENTRY--TOPICAL TERM | |
| Topical term or geographic name as entry element | Project management. |
| Withdrawn status | Lost status | Damaged status | Home library | Current library | Shelving location | Date acquired | Total Checkouts | Full call number | Barcode | Date last seen | Price effective from | Koha item type |
|---|---|---|---|---|---|---|---|---|---|---|---|---|
| South Mansfield College | South Mansfield College | 03/07/2005 | MAIN HD 69.P75 .D44 2001 c.2 | SMC00730 | 05/23/2018 | 05/23/2018 |